000 01177cam a2200289 4500
008 000000n2002 000 0 eng u
020 _a0860178072
035 _a(Sirsi) u118713
050 _a614.77
110 _aUnited Kingdom
_bDepartment of Trade and Industry
245 _aControl of water pollution from construction sites: guide to good practice
260 _aLondon
_bCIRIA
_c2002
300 _aTable-top presentation, 9 toolbox talks, 12 laminated guidance sheets + CD ROM in pack
_c30cm
350 _a180
490 _aCIRIA
_vSP 156
520 _aPack of best practice materials designed to help consultants, environmental managers, foremen and site supervisors train construction workers to protect the water environment and ensure that the number of pollution incidents is minimised.
650 _aPOLLUTION
650 _aEnvironment
_96238
650 _aWATER POLLUTION
650 _aGROUNDWATER
650 _aBUILDING SITES
650 _aCONSTRUCTION SITES
690 _aBUILT ENVIRONMENT
710 _aConstruction Industry Research and Information Association
_94810
710 _aEngland and Wales
_bEnvironment Agency
_92469
942 _n0
999 _c102167
_d102167